MARC details
| 000 -LEADER |
| fixed length control field |
01959nam a2200361 a 4500 |
| 008 - FIXED-LENGTH DATA ELEMENTS--GENERAL INFORMATION |
| fixed length control field |
221103s2003 ||||||||||||||||| || u |
| 020 ## - INTERNATIONAL STANDARD BOOK NUMBER |
| International Standard Book Number |
9789966812001 |
| 050 ## - LIBRARY OF CONGRESS CALL NUMBER |
| Classification number |
COMESA(02) 2003 |
| 100 ## - MAIN ENTRY--PERSONAL NAME |
| Personal name |
Common Market for Eastern and Southern Africa |
| 245 10 - TITLE STATEMENT |
| Title |
Zambia-Malawi-Mozambique Growth Triangle: private sector-public sector partnership for sub-regional development |
| Statement of responsibility, etc. |
By Common Market for Eastern and Southern Africa (COMESA) |
| 260 ## - PUBLICATION, DISTRIBUTION, ETC. |
| Place of publication, distribution, etc. |
Nairobi, Kenya |
| Name of publisher, distributor, etc. |
African Centre for Economic Growth (ACEG) |
| Date of publication, distribution, etc. |
2003 |
| 300 ## - PHYSICAL DESCRIPTION |
| Extent |
xxiii, 182 Pages : illustrations |
| 500 ## - GENERAL NOTE |
| General note |
Includes references |
| 650 ## - SUBJECT ADDED ENTRY--TOPICAL TERM |
| Topical term or geographic name entry element |
MOZAMBIQUE--ECONOMIC CONDITONS |
| 650 ## - SUBJECT ADDED ENTRY--TOPICAL TERM |
| Topical term or geographic name entry element |
DEVELOPMENT PONTENTIAL |
| 650 ## - SUBJECT ADDED ENTRY--TOPICAL TERM |
| Topical term or geographic name entry element |
SUB-REGIONAL INTEGRATION |
| 650 ## - SUBJECT ADDED ENTRY--TOPICAL TERM |
| Topical term or geographic name entry element |
SUB-REGIONAL COOPERATION |
| 650 #0 - SUBJECT ADDED ENTRY--TOPICAL TERM |
| Topical term or geographic name entry element |
ZAMBIA--ECONOMIC CONDITIONS--1964- |
| 650 ## - SUBJECT ADDED ENTRY--TOPICAL TERM |
| Topical term or geographic name entry element |
ZAMBIA-MALAWI-MOZAMBIQUE- GROWTH |
| 650 ## - SUBJECT ADDED ENTRY--TOPICAL TERM |
| Topical term or geographic name entry element |
GROWTH TRIANGLES--AFRICA, SOUTHERN |
| 650 ## - SUBJECT ADDED ENTRY--TOPICAL TERM |
| Topical term or geographic name entry element |
ECONOMIC GROWTH |
| 650 #0 - SUBJECT ADDED ENTRY--TOPICAL TERM |
| Topical term or geographic name entry element |
ECONOMIC DEVELOPMENT |
| 650 #0 - SUBJECT ADDED ENTRY--TOPICAL TERM |
| Topical term or geographic name entry element |
AFRICA, SOUTHERN--ECONOMIC INTEGRATION |
| 650 ## - SUBJECT ADDED ENTRY--TOPICAL TERM |
| Topical term or geographic name entry element |
MALAWI--ECONOMIC CONDITONS |
| 650 ## - SUBJECT ADDED ENTRY--TOPICAL TERM |
| Topical term or geographic name entry element |
PUBLIC SECTOR PARTNERSHIP |
| 650 ## - SUBJECT ADDED ENTRY--TOPICAL TERM |
| Topical term or geographic name entry element |
SOCIAL ECONOMIC CONTEXT |
| 710 ## - ADDED ENTRY--CORPORATE NAME |
| Corporate name or jurisdiction name as entry element |
Common Market for Eastern and Southern Africa (COMESA) |
| 995 ## - |
| -- |
SPECIAL COLLECTIONS |
| -- |
2839 |
| -- |
CBU-MAIN LIBRARY (Kitwe) |
| -- |
COMESA(02)2003/7B |
| -- |
2 |
| -- |
AVAILABLE |
| -- |
Nov 14, 2016 |
| -- |
B2839 |
| -- |
International Publications |
| 995 ## - |
| -- |
SPECIAL COLLECTIONS |
| -- |
747731 |
| -- |
CBU-MAIN LIBRARY (Kitwe) |
| -- |
ZAM HC900 ZAM |
| -- |
4 |
| -- |
AVAILABLE |
| -- |
Aug 15, 2017 |
| -- |
B3371 |
| -- |
Zambiana Collection |
| 995 ## - |
| -- |
SPECIAL COLLECTIONS |
| -- |
747730 |
| -- |
CBU-MAIN LIBRARY (Kitwe) |
| -- |
ZAM HC900 ZAM |
| -- |
3 |
| -- |
AVAILABLE |
| -- |
Aug 15, 2017 |
| -- |
B3370 |
| -- |
Zambiana Collection |
| 995 ## - |
| -- |
SPECIAL COLLECTIONS |
| -- |
2717 |
| -- |
CBU-MAIN LIBRARY (Kitwe) |
| -- |
COMESA(02)2003/7A |
| -- |
1 |
| -- |
AVAILABLE |
| -- |
Oct 27, 2016 |
| -- |
B2717 |
| -- |
International Publications |
| 995 ## - |
| -- |
MAIN LIBRARY OPEN ACCESS |
| -- |
747731 |
| -- |
CBU-MAIN LIBRARY (Kitwe) |
| -- |
1 |
| -- |
AVAILABLE |
| -- |
Jul 27, 2017 |
| -- |
747731 |
| -- |
Main Library Open Access Collection |
| 999 ## - |
| -- |
83399 |
| -- |
83399 |